00397nam a22001457a 450000500170000001000120001702000260002903500120005503700120006708200100007924500470008926000310013627000630016730000210023020200623120419.0 aB-93824 a9788176356749c390.00 aB-93824 bLending a006.6 aAdobe Premiere 6.5:bClassroom In a Book / aNew DelhibTechmediac2004 aMunish Plaza,20,Ansari Road, Darya GanjbNew Delhie110002 a470p.c24cm(pbk)